000
00353nam a22001577a 4500
003
MPLRDC
005
20220104142947.0
008
210129b ||||| |||| 00| 0 eng d
082
_a
177.2 CGX
100
_a
陈冠雄编
245
_a
创业的艺术
_c
260
_a
_b
好时光出版社
_c
300
_b
平
650
_a
942
_c
BK
_o
177.2 CGX
999
_c
35281
_d
35271